000 00999nam a2200265Ia 4500
003 OSt
005 20221005103912.0
006 a|||||r|||| 00| 0
007 ta
008 221004b |||||||| |||| 00| 0 hin d
020 _a9788188790524 (hbk)
_c990
024 _a15800
037 _bBL170, 07/01/2015, K. K. Publications
_cTextual
040 _aCRL
_cCRL
_bhin
041 _2hin
_ahin
082 _aO152,2:gN, Q1
100 _aजयसिंघानी, नीतू
245 0 _aस्वातं×योत्तर एकांकी
_b बदलते मूल्य
246 _aSvātan×yottar ekāankī: badalate mūlya
260 _aदिल्ली
_bकल्पना प्रकाशन भारत
_c2011
300 _a192पृ0
_ccm.
650 _aहिन्दी साहित्य
942 _hO152,2:gN, Q1
_cTEXL
_2cc
999 _c1011214
_d1011214